Normal view
MARC view
- الفن الاسلامي-جماليات الفن الاسلامي-تطبيقات الفن الاسلامي-التنمية الفنية
Entry Topical Term
001 - CONTROL NUMBER
- control field: 52294
003 - CONTROL NUMBER IDENTIFIER
- control field: JO-AjAnu
005 - DATE AND TIME OF LATEST TRANSACTION
- control field: 20230606082609.0
008 - FIXED-LENGTH DATA ELEMENTS
- fixed length control field: 230606|| aca||aabn | a|a d
040 ## - CATALOGING SOURCE
- Original cataloging agency: JO-AjAnu
- Transcribing agency: JO-AjAnu
150 ## - HEADING--TOPICAL TERM
- Topical term or geographic name entry element: الفن الاسلامي-جماليات الفن الاسلامي-تطبيقات الفن الاسلامي-التنمية الفنية
670 ## - SOURCE DATA FOUND
- Source citation: Work cat.: (JO-AjAnu)26724: تحرير ملكاوي، فتحي حسن, author 52293, الفن في الفكر الإسلامي : رؤية معرفية ومنهجية